Catálogo

Cómo desarrollar la inteligencia emocional infantil : (Registro nro. 30933)

Detalles MARC
000 -LEADER
fixed length control field 01227cam a2200337 i 4500
001 - CONTROL NUMBER
control field 30933
003 - CONTROL NUMBER IDENTIFIER
control field Mx-PuUPA
005 - DATE AND TIME OF LATEST TRANSACTION
control field 20240123093000.0
008 - FIXED-LENGTH DATA ELEMENTS--GENERAL INFORMATION
fixed length control field 140415s2003 mx a r 000 0 spa d
020 ## - INTERNATIONAL STANDARD BOOK NUMBER
International Standard Book Number 9789682470400
040 ## - CATALOGING SOURCE
Original cataloging agency Mx-PuUPA
Language of cataloging spa
Transcribing agency Mx-PuUPA
Modifying agency Mx-PuUPA
Description conventions rda
041 0# - LANGUAGE CODE
Language code of text/sound track or separate title spa
100 1# - MAIN ENTRY--PERSONAL NAME
Personal name Baena Paz, Guillermina,
9 (RLIN) 9806
Relator term autor
245 10 - TITLE STATEMENT
Title Cómo desarrollar la inteligencia emocional infantil :
Remainder of title guía para padres y maestros /
Statement of responsibility, etc. Guillermina Baena Paz
250 ## - EDITION STATEMENT
Edition statement Segunda edición
264 #4 - PRODUCTION, PUBLICATION, DISTRIBUTION, MANUFACTURE, AND COPYRIGHT NOTICE
Place of production, publication, distribution, manufacture México, D.F. :
Name of producer, publisher, distributor, manufacturer Editorial Trillas,
Date of production, publication, distribution, manufacture, or copyright notice ©2003
300 ## - PHYSICAL DESCRIPTION
Extent 104 páginas :
Other physical details ilustraciones ;
Dimensions 23 cm
336 ## - CONTENT TYPE
Content type term texto
Fuente rdacontent
Content type code txt
336 ## - CONTENT TYPE
Content type term imagen fija
Fuente rdacontent
Content type code sti
337 ## - MEDIA TYPE
Media type term sin medio
Source rdamedia
Media type code n
338 ## - CARRIER TYPE
Carrier type term volumen
Source rdacarrier
Carrier type code nc
545 1# - BIOGRAPHICAL OR HISTORICAL DATA
Biographical or historical data Reimpresión: (febrero, 2015)
650 #7 - SUBJECT ADDED ENTRY--TOPICAL TERM
Topical term or geographic name entry element Niños con problemas emocionales
General subdivision Estudio
Source of heading or term armarc
650 #7 - SUBJECT ADDED ENTRY--TOPICAL TERM
Topical term or geographic name entry element Cognición
Source of heading or term armarc
650 #7 - SUBJECT ADDED ENTRY--TOPICAL TERM
Topical term or geographic name entry element Problemas emocionales de los niños
Source of heading or term armarc
650 #7 - SUBJECT ADDED ENTRY--TOPICAL TERM
Topical term or geographic name entry element Madurez emocional
Source of heading or term armarc
942 ## - ADDED ENTRY ELEMENTS (KOHA)
Source of classification or shelving scheme Dewey Decimal Classification
Koha item type Libro
Classification part 155.4124
Item part B135
Existencias
Withdrawn status Lost status Source of classification or shelving scheme Damaged status Not for loan Collection code Home library Current library Shelving location Date acquired Total Checkouts Full call number Barcode Date last seen Price effective from Koha item type Source of acquisition Cost, normal purchase price Total Renewals Date last checked out Copy number Cost, replacement price
    Dewey Decimal Classification     General Biblioteca Karol Wojtyla Biblioteca Karol Wojtyla Sala general 18/08/2021 2 155.4124 B135 2003 99980 05/01/2026 18/08/2021 Libro 1 108.00 1 24/08/2024 Ej.2 108.00
    Dewey Decimal Classification     General Biblioteca Karol Wojtyla Biblioteca Karol Wojtyla Sala general 18/08/2021 3 155.4124 B135 2003 99979 11/04/2026 18/08/2021 Libro 1 108.00 1 21/03/2026   108.00
    Dewey Decimal Classification     General Tehuacán Tehuacán Sala general 20/08/2019   155.4124 B139 2003 968000000156 08/01/2025 20/08/2019 Libro            
    Dewey Decimal Classification     General Tehuacán Tehuacán Sala general 23/01/2024 1 155.4124 B135 2003 968000002113 08/01/2025 23/01/2024 Libro       31/08/2024 Ej.2